Culture générale - Quiz #22 - Statistiques

Statistiques générales
  • Ce quiz a été pris 151 678 fois
  • Le résultat moyen est 11 sur 20
Statistiques - réponses
Question Réponse % Correct
D'après la légende, quelle ville aurait été fondée par Romulus ? Rome
96%
Qu'est ce qui est jaune et qui attend ? Jonathan
94%
Quel est l'opposé de bâbord ? Tribord
92%
Quel pays est représenté par l'équipe de rugby des All Blacks ? La Nouvelle-Zélande
89%
Selon l'expression, lors de quel mois ne doit-on pas se découvrir d'un fil ? Avril
85%
Quel animal a une alimentation essentiellement composée d'eucalyptus ? Le koala
79%
Quelle mer sépare le Royaume-Uni de la Norvège ? La mer du Nord
70%
Que signifie le H dans bombe H ? Hydrogène
66%
Quel mot peut être placé après temps, croque et point ? Mort
59%
Quel était le surnom du pirate anglais Edward Teach ? Barbe Noire
51%
Selon la légende, de quoi une balle de pistolet doit-elle être composée pour pouvoir tuer un loup-garou ? D'argent
49%
Quel pays partage l'île d'Hispaniola avec la République Dominicaine ? Haïti
49%
Quel pays a occupé l'Ethiopie entre 1936 et 1941 ? L'Italie
43%
Quelle plante aromatique a un goût de savon pour un quart des européens en raison de leur génome ? La coriandre
38%
Qui possède un écureuil apprivoisé nommé Spip ? Spirou
38%
Quel nom porte la tour depuis laquelle le muezzin lance les appels à la prière ? Minaret
36%
Que vaut la somme des nombres de 1 à 100 ? 5050
27%
Quelle est la province canadienne la plus peuplée ? Ontario
27%
Quel modèle de voiture, produit par Toyota, est le plus vendu de tous les temps ? Corolla
23%
Quel était le prénom de l'épouse du général de Gaulle ? Yvonne
19%
Aucun quiz correspondant
Distribution des résultats
% des personnes avec chaque résultat
Percentile par nombre de réponses
Votre historique - résultats
Vous n’avez pas pris ce quiz